| 000 | 01085nam a22002657a 4500 | ||
|---|---|---|---|
| 001 | BD-DhSAU 9278 | ||
| 003 | BD-DhSAU | ||
| 005 | 20260209155637.0 | ||
| 008 | 150613b2018 bg a|||| m||| 00| 0 eng d | ||
| 040 | _aBD-DhSAU | ||
| 082 |
_222 _a658.8 _bH8809 |
||
| 100 |
_aTUBA, HUMAYRA TANZINA _eRegistration # 22010114 |
||
| 245 |
_aInfluence of social media on online
food-based women entrepreneurship in
bangladesh /
_bMS thesis |
||
| 260 |
_aSher-e-Bangla Agricultural University : _bDepartment of Agribusiness and marketing, _c2024. |
||
| 300 |
_aviii, 147p. : _bill. ; _c30 cm. |
||
| 500 | _aMS thesis of Department of Agribusiness and marketing, Faculty of Agribusiness , Sher-e-Bangla Agricultural University, Dhaka, Bangladesh | ||
| 504 | _aIncludes bibliographical reference. | ||
| 590 | _aNazmul | ||
| 650 | _asocial media on online food-based women | ||
| 650 | _aentrepreneurship in bangladesh | ||
| 700 |
_aAssist. Prof.Sauda Afrin Anny _eSuperviser |
||
| 700 |
_aAssoci. Prof. Dr. Md. Ghulam Rabbany _eCo-superviser |
||
| 942 |
_2ddc _cTHESIS |
||
| 999 |
_c18286 _d18285 |
||